[Event "Seattle Summer Kickoff (4-6 Open)"]
[Site "Chess.com"]
[Date "2020.06.13"]
[Round "3"]
[White "Joshi, Yash"]
[Black "Yuen, Owen"]
[Result "1-0"]
[WhiteElo "1203"]
[BlackElo "1245"]
[PlyCount "81"]
[EventDate "2020.??.??"]
[SourceDate "2020.06.27"]

1. d4 d5 2. Nf3 Nf6 3. Nc3 Bg4 4. Bf4 e6 5. Nb5 Bd6 6. Bxd6 cxd6 7. h3 Bh5 8.
e3 O-O 9. Be2 a6 10. Nc3 Nc6 11. Nh2 Bg6 12. Bd3 Nb4 13. Bxg6 fxg6 14. a3 Nc6
15. O-O Re8 16. g3 e5 17. dxe5 dxe5 18. Qd3 Qd7 19. Rfd1 Rad8 20. Rd2 Qxh3 21.
Qf1 Qh5 22. Rad1 Ne7 23. Qe2 Qh6 24. Ng4 Nxg4 25. Qxg4 g5 26. Nxd5 Nxd5 27.
Rxd5 Qf6 28. Rxd8 Rxd8 29. Qc4+ Kh8 30. Rxd8+ Qxd8 31. Qe4 Qc7 32. Kf1 h6 33.
Ke2 Qc6 34. Qxc6 bxc6 35. Kd3 Kg8 36. Ke4 Kf7 37. Kxe5 Ke7 38. c4 h5 39. f3 g4
40. f4 g6 41. b4 1-0

[Event "Seattle Summer Kickoff (4-6 Open)"]
[Site "Chess.com"]
[Date "2020.06.13"]
[Round "3"]
[White "Kancherla, Rohan"]
[Black "Zheng, Max"]
[Result "1-0"]
[WhiteElo "1251"]
[BlackElo "1057"]
[PlyCount "57"]
[EventDate "2020.??.??"]
[SourceDate "2020.06.27"]

1. e4 e5 2. Nf3 Nc6 3. Bc4 Bc5 4. d3 Nf6 5. Nc3 O-O 6. O-O d6 7. h3 h6 8. Be3
Bxe3 9. fxe3 Be6 10. Bd5 Bxd5 11. Nxd5 Nxd5 12. exd5 Ne7 13. e4 Ng6 14. Qe2 Nf4
15. Qf2 Qf6 16. Kh2 Qg6 17. g3 Nh5 18. Rg1 Nf6 19. g4 Rfe8 20. g5 hxg5 21. Rxg5
Qh6 22. Rag1 g6 23. Nh4 Qh7 24. Qxf6 Qg7 25. Rxg6 fxg6 26. Rxg6 Qxg6 27. Qxg6+
Kh8 28. Nf5 Rg8 29. Qh6# 1-0

[Event "Seattle Summer Kickoff (4-6 Open)"]
[Site "Chess.com"]
[Date "2020.06.13"]
[Round "3"]
[White "Kang, Danny"]
[Black "Sankar, Abhay"]
[Result "1/2-1/2"]
[WhiteElo "1191"]
[BlackElo "1578"]
[PlyCount "63"]
[EventDate "2020.??.??"]
[SourceDate "2020.06.27"]

1. e4 e6 2. d4 d5 3. exd5 exd5 4. Nf3 Nf6 5. Be3 c6 6. Bd3 Bd6 7. h3 O-O 8. O-O
h6 9. Nc3 Be6 10. Re1 Nbd7 11. a3 c5 12. dxc5 Nxc5 13. b4 Nxd3 14. cxd3 a6 15.
d4 b5 16. Qd2 Nh7 17. Bf4 Bxf4 18. Qxf4 Qf6 19. Qxf6 Nxf6 20. a4 bxa4 21. Rxa4
Rfb8 22. Rb1 Bd7 23. Ra5 Be6 24. Ne5 Rc8 25. Rc1 Rab8 26. Rxa6 Rxb4 27. Raa1
Rb3 28. Ne2 Rxc1+ 29. Rxc1 Kh7 30. g3 Bxh3 31. Nxf7 Be6 32. Ne5 1/2-1/2

[Event "Seattle Summer Kickoff (4-6 Open)"]
[Site "Chess.com"]
[Date "2020.06.13"]
[Round "3"]
[White "Narayan, Bhargav"]
[Black "Tameling, Cole"]
[Result "0-1"]
[WhiteElo "1104"]
[BlackElo "1217"]
[PlyCount "44"]
[EventDate "2020.??.??"]
[SourceDate "2020.06.27"]

1. e4 e5 2. Nf3 Nc6 3. d3 Nf6 4. Nc3 Bc5 5. Be2 O-O 6. O-O d5 7. exd5 Nxd5 8.
Nxd5 Qxd5 9. c4 Qd6 10. d4 Bxd4 11. Qd3 Nb4 12. Qe4 f5 13. Qh4 h6 14. Bxh6 gxh6
15. Nxd4 exd4 16. c5 Qf6 17. Bc4+ Be6 18. Qg3+ Kh7 19. Qxc7+ Rf7 20. Qg3 Bxc4
21. Rfe1 Nc2 22. Qc3 dxc3 0-1

[Event "Seattle Summer Kickoff (4-6 Open)"]
[Site "Chess.com"]
[Date "2020.06.13"]
[Round "3"]
[White "Smith, Cooper"]
[Black "Kang, Ayaan"]
[Result "0-1"]
[WhiteElo "1170"]
[BlackElo "1338"]
[PlyCount "34"]
[EventDate "2020.??.??"]
[SourceDate "2020.06.27"]

1. c4 e5 2. g3 Nf6 3. Bg2 Nc6 4. Nc3 Bc5 5. e3 O-O 6. Nge2 d6 7. O-O Bf5 8. a3
Qd7 9. b4 Bb6 10. Bb2 Bh3 11. Bxh3 Qxh3 12. Re1 Ng4 13. Ne4 f5 14. N2c3 fxe4
15. Nxe4 Qxh2+ 16. Kf1 Rxf2+ 17. Nxf2 Qxf2# 0-1

[Event "Seattle Summer Kickoff (4-6 Open)"]
[Site "Chess.com"]
[Date "2020.06.13"]
[Round "3"]
[White "Wong, Samuel"]
[Black "Johar, Nitya"]
[Result "1-0"]
[WhiteElo "1110"]
[BlackElo "917"]
[PlyCount "63"]
[EventDate "2020.??.??"]
[SourceDate "2020.06.27"]

1. d4 d5 2. Bf4 e6 3. Nf3 c5 4. dxc5 Bxc5 5. e3 Nc6 6. c3 Nf6 7. Bd3 Bd6 8.
Bxd6 Qxd6 9. Nbd2 e5 10. Be2 e4 11. Nd4 Ne5 12. Qc2 Bd7 13. O-O Nd3 14. Bxd3
exd3 15. Qxd3 Ng4 16. g3 Qh6 17. h4 g5 18. Nf5 Qg6 19. Qxd5 O-O-O 20. Ne7+ Kb8
21. Nxg6 hxg6 22. Qxg5 Be6 23. Nb3 Rd5 24. Qe7 Rd7 25. Qb4 g5 26. Nc5 gxh4 27.
Nxd7+ Bxd7 28. gxh4 Bc6 29. Qxg4 f5 30. Qg5 Bb5 31. Rfd1 Kc7 32. Qg7+ 1-0

[Event "Seattle Summer Kickoff (4-6 Open)"]
[Site "Chess.com"]
[Date "2020.06.13"]
[Round "3"]
[White "Xing, Henry"]
[Black "Xie, Ava"]
[Result "1-0"]
[WhiteElo "1267"]
[BlackElo "1015"]
[PlyCount "35"]
[EventDate "2020.??.??"]
[SourceDate "2020.06.27"]

1. e4 e5 2. Nf3 Nc6 3. Bb5 a6 4. Ba4 b5 5. Bb3 Nf6 6. O-O Bc5 7. Nc3 b4 8. Nd5
O-O 9. d3 d6 10. Bg5 Bg4 11. Nxf6+ gxf6 12. Bh6 Re8 13. c3 bxc3 14. bxc3 a5 15.
h3 Bxf3 16. Qxf3 Re6 17. Qg4+ Kh8 18. Qg7# 1-0

[Event "Seattle Summer Kickoff (4-6 Open)"]
[Site "Chess.com"]
[Date "2020.06.13"]
[Round "3"]
[White "Zhen, Hongren"]
[Black "Nadiveedi, Varun"]
[Result "0-1"]
[WhiteElo "1009"]
[BlackElo "933"]
[PlyCount "130"]
[EventDate "2020.??.??"]
[SourceDate "2020.06.27"]

1. e4 e5 2. Nf3 Nf6 3. Nc3 Nc6 4. Bc4 Bb4 5. a3 Bxc3 6. dxc3 O-O 7. O-O d6 8.
h3 Nxe4 9. Bd3 Nf6 10. Bg5 Be6 11. Be4 h6 12. Bh4 g5 13. Bg3 Nxe4 14. Re1 Nxg3
15. fxg3 g4 16. Nd2 gxh3 17. gxh3 Bxh3 18. Qh5 Be6 19. Qxh6 f5 20. Qxe6+ Rf7
21. Qh6 Qf6 22. Qxf6 Rxf6 23. Kg2 f4 24. Ne4 Rff8 25. gxf4 exf4 26. Kf3 Ne5+
27. Kf2 f3 28. Ng5 Ng4+ 29. Kg3 f2 30. Red1 Ne3 31. Rh1 f1=Q 32. Rhxf1 Rxf1 33.
Rxf1 Nxf1+ 34. Kg4 Ne3+ 35. Kg3 Nxc2 36. Ne6 c5 37. Kf3 Ne1+ 38. Ke2 Ng2 39.
Nc7 Rc8 40. Nb5 Nf4+ 41. Kd2 Re8 42. Nxd6 Rd8 43. Kc2 Rxd6 44. b3 Ra6 45. Kb2
Nd3+ 46. Ka2 Nc1+ 47. Kb2 Nxb3 48. Kxb3 b5 49. Kb2 Re6 50. Kb3 a5 51. Kb2 b4
52. axb4 axb4 53. Kb3 Rb6 54. c4 Kf7 55. Kb2 Ke6 56. Kb3 Ke5 57. Kb2 Kd4 58.
Kb3 Rb7 59. Kb2 Kxc4 60. Kc2 b3+ 61. Kb1 Kc3 62. Ka1 b2+ 63. Kb1 Kd2 64. Ka2
b1=Q+ 65. Ka3 Qa1# 0-1

[Event "Seattle Summer Kickoff (4-6 Open)"]
[Site "Chess.com"]
[Date "2020.06.13"]
[Round "4"]
[White "Johnson, Tobias"]
[Black "Joshi, Yash"]
[Result "1-0"]
[WhiteElo "1104"]
[BlackElo "1203"]
[PlyCount "81"]
[EventDate "2020.??.??"]
[SourceDate "2020.06.27"]

1. e4 e5 2. Nf3 Nc6 3. Bb5 d6 4. d4 exd4 5. Nxd4 Bd7 6. Nxc6 Bxc6 7. Bxc6+ bxc6
8. O-O d5 9. exd5 cxd5 10. Re1+ Ne7 11. Nc3 d4 12. Nb5 c6 13. Nxd4 c5 14. Nf3
Qxd1 15. Rxd1 Rd8 16. Rxd8+ Kxd8 17. Bg5 f6 18. Bf4 Nd5 19. Rd1 Be7 20. Rxd5+
Ke8 21. Bd6 Bxd6 22. Rxd6 Ke7 23. Rc6 Rd8 24. h3 Rd1+ 25. Kh2 Rb1 26. b3 Ra1
27. a4 Rf1 28. Rxc5 Rxf2 29. Rc7+ Kf8 30. Rxa7 Rxc2 31. Rb7 Rc3 32. b4 Ra3 33.
a5 Rb3 34. b5 Ke8 35. a6 Ra3 36. Rxg7 Rb3 37. a7 Ra3 38. b6 Kf8 39. Rxh7 Ke8
40. b7 Rxa7 41. b8=Q# 1-0

[Event "Seattle Summer Kickoff (4-6 Open)"]
[Site "Chess.com"]
[Date "2020.06.13"]
[Round "4"]
[White "Kang, Ayaan"]
[Black "Sankar, Abhay"]
[Result "0-1"]
[WhiteElo "1338"]
[BlackElo "1578"]
[PlyCount "166"]
[EventDate "2020.??.??"]
[SourceDate "2020.06.27"]

1. e4 e6 2. d4 d5 3. e5 c5 4. c3 Nc6 5. Nf3 Qb6 6. Bd3 Bd7 7. Bc2 cxd4 8. cxd4
Nb4 9. a3 Nxc2+ 10. Qxc2 Ne7 11. O-O Rc8 12. Qd1 Nf5 13. Nc3 Rc4 14. Qd2 Nxd4
15. Nxd4 Rxd4 16. Qe3 Rc4 17. Qxb6 axb6 18. Be3 d4 19. Rac1 dxe3 20. fxe3 Bc5
21. Rfe1 O-O 22. b4 Be7 23. g3 Rfc8 24. Red1 Ba4 25. Rd3 h6 26. Kg2 Bc6+ 27.
Kh3 g5 28. g4 Kf8 29. Kg3 Be4 30. Rd4 Rxc3 31. Rxc3 Rxc3 32. Rxe4 Rxa3 33. Rc4
Rxe3+ 34. Kg2 Rb3 35. Rc8+ Kg7 36. Rc7 Bf8 37. Rxb7 Rxb4 38. Kh3 Rb3+ 39. Kg2
b5 40. Kf2 Bc5+ 41. Ke2 Re3+ 42. Kd2 b4 43. Rxb4 Bxb4+ 44. Kxe3 Kg6 45. Ke4 h5
46. h3 hxg4 47. hxg4 f5+ 48. gxf5+ exf5+ 49. Kf3 Kf7 50. Ke3 Ke6 51. Kd4 g4 52.
Ke3 Kxe5 53. Kf2 Ke4 54. Kg3 Ke3 55. Kh4 f4 56. Kxg4 f3 57. Kh3 f2 58. Kg2 Ke2
59. Kh2 Bd6+ 60. Kh3 f1=Q+ 61. Kh4 Ba3 62. Kg4 Qf3+ 63. Kg5 Bc1+ 64. Kg6 Qd5
65. Kf6 Bg5+ 66. Kg6 Qd3+ 67. Kxg5 Qc4 68. Kf5 Kf3 69. Kg5 Qf4+ 70. Kg6 Qe5 71.
Kf7 Qd6 72. Kg7 Kg4 73. Kf7 Kf5 74. Kg7 Qg6+ 75. Kh8 Qb6 76. Kg7 Kg5 77. Kf7
Qf6+ 78. Ke8 Qg7 79. Kd8 Kf6 80. Kc8 Ke6 81. Kb8 Kd6 82. Ka8 Kc6 83. Kb8 Qb7#
0-1

[Event "Seattle Summer Kickoff (4-6 Open)"]
[Site "Chess.com"]
[Date "2020.06.13"]
[Round "4"]
[White "Kuo, Tristan"]
[Black "Ephrem, Yabi"]
[Result "1-0"]
[WhiteElo "1191"]
[BlackElo "1004"]
[PlyCount "75"]
[EventDate "2020.??.??"]
[SourceDate "2020.06.27"]

1. d4 d5 2. c4 dxc4 3. e4 Qd7 4. Bxc4 Qg4 5. Qxg4 Bxg4 6. Bf4 Nc6 7. h3 Nxd4 8.
Na3 Bd7 9. Bxc7 Rc8 10. Bf4 Rxc4 11. Nxc4 Nc2+ 12. Kd2 Nxa1 13. Nf3 Bb5 14. Ne3
e5 15. Bxe5 Bc5 16. Rxa1 Bxe3+ 17. fxe3 Bc6 18. Bxg7 Bxe4 19. Bxh8 f6 20. Bg7
Bxf3 21. gxf3 Kf7 22. Bh6 Nxh6 23. Rc1 Nf5 24. Rc7+ Kg6 25. Rxb7 h5 26. Rxa7 h4
27. b4 Nd6 28. Rd7 Nb5 29. a4 Na3 30. b5 f5 31. b6 f4 32. exf4 Kf5 33. b7 Kxf4
34. b8=Q+ Kxf3 35. Qf8+ Kg2 36. Rg7+ Kxh3 37. Qf3+ Kh2 38. Qg2# 1-0

[Event "Seattle Summer Kickoff (4-6 Open)"]
[Site "Chess.com"]
[Date "2020.06.13"]
[Round "4"]
[White "Nadiveedi, Varun"]
[Black "Narayan, Bhargav"]
[Result "0-1"]
[WhiteElo "933"]
[BlackElo "1104"]
[PlyCount "92"]
[EventDate "2020.??.??"]
[SourceDate "2020.06.27"]

1. e4 e5 2. Nf3 d6 3. Nc3 Nf6 4. Bc4 Be7 5. O-O O-O 6. d3 Nc6 7. Be3 Bg4 8. h3
Bh5 9. Nd5 Nxd5 10. exd5 Nd4 11. g4 Nxf3+ 12. Qxf3 Bg6 13. Qd1 Bh4 14. d4 exd4
15. Bxd4 Be4 16. Bd3 Bxd5 17. c4 Bc6 18. c5 dxc5 19. Bxc5 Qd5 20. Bxh7+ Kh8 21.
Qxd5 Bxd5 22. Bxf8 Rxf8 23. Bd3 Rd8 24. b3 Bf6 25. Rae1 Bc3 26. Rc1 Bd2 27.
Rxc7 Bf4 28. Rc2 Bf3 29. Be2 Be4 30. Rc4 Re8 31. f3 Be3+ 32. Kh1 Bd5 33. Ra4
Rc8 34. Rd1 Rd8 35. Bc4 Bxf3+ 36. Kh2 Bxd1 37. Bxf7 Rd2+ 38. Kg3 Bf2+ 39. Kf4
b5 40. Rxa7 Bxa7 41. g5 Bb8+ 42. Kf5 Bc2+ 43. Ke6 Rd6+ 44. Ke7 Rd3 45. h4 Re3+
46. Kf8 Bd6# 0-1

[Event "Seattle Summer Kickoff (4-6 Open)"]
[Site "Chess.com"]
[Date "2020.06.13"]
[Round "4"]
[White "Smith, Cooper"]
[Black "Joshi, Arnav"]
[Result "0-1"]
[WhiteElo "1170"]
[BlackElo "1049"]
[PlyCount "46"]
[EventDate "2020.??.??"]
[SourceDate "2020.06.27"]

1. Nf3 d5 2. b3 Bf5 3. Bb2 e6 4. e3 a6 5. Be2 Nc6 6. O-O Be7 7. Bxg7 Bf6 8.
Bxh8 Bxh8 9. Nc3 d4 10. exd4 Nxd4 11. Nxd4 Bxd4 12. Bf3 Bxc3 13. dxc3 Qg5 14.
g3 Rd8 15. Qe2 Rd2 16. Qe3 Qxe3 17. fxe3 Bh3 18. Rfd1 Rxc2 19. Bxb7 Nf6 20.
Bxa6 Rg2+ 21. Kh1 Ng4 22. Bb5+ Ke7 23. Bf1 Nf2# 0-1

[Event "Seattle Summer Kickoff (4-6 Open)"]
[Site "Chess.com"]
[Date "2020.06.13"]
[Round "4"]
[White "Tameling, Cole"]
[Black "Kang, Danny"]
[Result "1-0"]
[WhiteElo "1217"]
[BlackElo "1191"]
[PlyCount "43"]
[EventDate "2020.??.??"]
[SourceDate "2020.06.27"]

1. f4 d5 2. Nf3 Bf5 3. e3 Nf6 4. d4 e6 5. Ne5 Bd6 6. Bd3 Bxd3 7. Qxd3 O-O 8.
O-O Bxe5 9. fxe5 Nfd7 10. Rf3 f6 11. Rh3 h6 12. Qg6 Kh8 13. e4 fxe5 14. Bxh6
Rf1+ 15. Kxf1 Qf8+ 16. Ke2 Kg8 17. Bxg7 Qxg7 18. Qe8+ Qf8 19. Rg3+ Kh7 20. Qg6+
Kh8 21. Rh3+ Qh6 22. Rxh6# 1-0

[Event "Seattle Summer Kickoff (4-6 Open)"]
[Site "Chess.com"]
[Date "2020.06.13"]
[Round "4"]
[White "Wong, Samuel"]
[Black "Kancherla, Rohan"]
[Result "0-1"]
[WhiteElo "1110"]
[BlackElo "1251"]
[PlyCount "136"]
[EventDate "2020.??.??"]
[SourceDate "2020.06.27"]

1. d4 Nf6 2. Bf4 d5 3. Nf3 Nc6 4. c3 Bf5 5. e3 a6 6. Nbd2 e6 7. Be2 Bd6 8. Ne5
Bxe5 9. dxe5 Nd7 10. f3 Ndxe5 11. e4 dxe4 12. fxe4 Bg6 13. Qc2 O-O 14. O-O-O b5
15. Nf3 Qf6 16. Bg5 Qxg5+ 17. Nxg5 h6 18. Nf3 Nxf3 19. Bxf3 b4 20. Qa4 Ne5 21.
Qxb4 Nxf3 22. gxf3 f5 23. exf5 Bxf5 24. Qe7 Rf7 25. Qc5 Raf8 26. Rdf1 Bd3 27.
Rf2 Be4 28. Rhf1 Bd3 29. Rd1 Be4 30. Qa3 Bxf3 31. Rdf1 e5 32. Qxa6 e4 33. Kd2
Rd8+ 34. Ke3 Rd3+ 35. Qxd3 exd3 36. Kxd3 Rd7+ 37. Ke3 Bh5 38. Rf8+ Kh7 39. a4
Bg6 40. a5 Rd3+ 41. Ke2 Rd6 42. Ra1 Bd3+ 43. Kd2 Ba6+ 44. Kc2 Bd3+ 45. Kd1 Ba6+
46. Ke1 Re6+ 47. Kf2 Re2+ 48. Kf3 Rxh2 49. Ra8 Bb7+ 50. Kg3 Rh5 51. Ra7 Rg5+
52. Kf4 Bd5 53. Rxc7 Be6 54. Ke4 Bd5+ 55. Kd4 Ba8 56. a6 Rg4+ 57. Kc5 Rg5+ 58.
Kd6 Rg6+ 59. Kd7 Rf6 60. Kd8 Rf8+ 61. Ke7 Rb8 62. b4 g5 63. Kf6+ Kg8 64. Kg6
Rb6+ 65. Kf5 Rb5+ 66. Kg4 Re5 67. Kh5 Re6 68. Rd1 Bf3# 0-1

[Event "Seattle Summer Kickoff (4-6 Open)"]
[Site "Chess.com"]
[Date "2020.06.13"]
[Round "4"]
[White "Xie, Ava"]
[Black "Johar, Nitya"]
[Result "1-0"]
[WhiteElo "1015"]
[BlackElo "917"]
[PlyCount "25"]
[EventDate "2020.??.??"]
[SourceDate "2020.06.27"]

1. e4 e6 2. Nf3 d5 3. exd5 exd5 4. Nc3 Nf6 5. d4 c5 6. dxc5 Bxc5 7. Ne5 Be6 8.
Bb5+ Bd7 9. Nxd7 Nbxd7 10. Nxd5 a6 11. Bc4 Nxd5 12. Qxd5 Nb6 13. Qxf7# 1-0

[Event "Seattle Summer Kickoff (4-6 Open)"]
[Site "Chess.com"]
[Date "2020.06.13"]
[Round "4"]
[White "Xing, Henry"]
[Black "Yuen, Owen"]
[Result "1-0"]
[WhiteElo "1267"]
[BlackElo "1245"]
[PlyCount "53"]
[EventDate "2020.??.??"]
[SourceDate "2020.06.27"]

1. e4 c5 2. Nf3 d6 3. d4 cxd4 4. Nxd4 Nf6 5. Nc3 g6 6. f3 Bg7 7. Be3 O-O 8. Qd2
Nc6 9. Bc4 Bd7 10. O-O-O a6 11. a3 b5 12. Bb3 Rb8 13. Nxc6 Bxc6 14. h4 a5 15.
g4 a4 16. Ba2 b4 17. axb4 Rxb4 18. h5 Qb8 19. b3 axb3 20. cxb3 Nd7 21. hxg6
fxg6 22. Bh6 Bxc3 23. Qxc3 Rf7 24. Rde1 Nc5 25. Kc2 Rb5 26. b4 Rxb4 27. Qg7#
1-0

[Event "Seattle Summer Kickoff (4-6 Open)"]
[Site "Chess.com"]
[Date "2020.06.13"]
[Round "4"]
[White "Zheng, Max"]
[Black "Jewsbury, Keaton"]
[Result "1-0"]
[WhiteElo "1057"]
[BlackElo "1146"]
[PlyCount "50"]
[EventDate "2020.??.??"]
[SourceDate "2020.06.27"]

1. d4 Nf6 2. Bf4 Nc6 3. Nc3 Nxd4 4. Qxd4 d6 5. Qd1 e5 6. Be3 d5 7. Bg5 h6 8.
Bh4 g5 9. Bg3 Bb4 10. a3 Bxc3+ 11. bxc3 Ng4 12. h3 Nf6 13. Bxe5 Bf5 14. Nf3 O-O
15. Bxf6 Qxf6 16. Qd2 c5 17. e3 Rfe8 18. Bb5 Re4 19. Bd3 Re5 20. Bxf5 Rxf5 21.
Qe2 Re8 22. h4 Re4 23. hxg5 hxg5 24. Nd2 b6 25. Nxe4 dxe4 1-0

[Event "Seattle Summer Kickoff (4-6 Open)"]
[Site "Chess.com"]
[Date "2020.06.13"]
[Round "5"]
[White "Ephrem, Yabi"]
[Black "Nadiveedi, Varun"]
[Result "0-1"]
[WhiteElo "1004"]
[BlackElo "933"]
[PlyCount "84"]
[EventDate "2020.??.??"]
[SourceDate "2020.06.27"]

1. e4 e5 2. Bc4 Nc6 3. Nf3 Nf6 4. Ng5 d5 5. exd5 Na5 6. Bb3 Nxb3 7. cxb3 Nxd5
8. O-O Qxg5 9. d4 Qd8 10. dxe5 Be7 11. Qh5 O-O 12. Rd1 Nf4 13. Rxd8 Nxh5 14.
Rxf8+ Kxf8 15. Nc3 Bb4 16. Nb5 c6 17. Nc7 Rb8 18. Be3 b6 19. Rc1 Bd7 20. Na6
Re8 21. g4 Bxg4 22. Rxc6 Be1 23. Nc7 Rxe5 24. f4 Rxe3 25. Nd5 Re8 26. Nc7 Rc8
27. Ne6+ Bxe6 28. Rd6 Nxf4 29. a4 Bxb3 30. a5 Bxa5 31. Rd3 Nxd3 32. h3 Nxb2 33.
h4 Rc2 34. h5 f5 35. Kf1 f4 36. Kg1 Bc4 37. Kh1 f3 38. Kg1 Bd3 39. Kh1 f2 40.
Kg2 f1=Q+ 41. Kg3 Rg2+ 42. Kh4 Qh1# 0-1

[Event "Seattle Summer Kickoff (4-6 Open)"]
[Site "Chess.com"]
[Date "2020.06.13"]
[Round "5"]
[White "Johar, Nitya"]
[Black "Jewsbury, Keaton"]
[Result "0-1"]
[WhiteElo "917"]
[BlackElo "1146"]
[PlyCount "36"]
[EventDate "2020.??.??"]
[SourceDate "2020.06.27"]

1. d4 Nf6 2. c4 e6 3. Nc3 Bb4 4. Bd2 d5 5. e3 b6 6. cxd5 exd5 7. Qa4+ Bd7 8.
Qxb4 a5 9. Qb3 Na6 10. Nxd5 Be6 11. Nc3 Bxb3 12. axb3 Nb4 13. O-O-O Qd7 14. f3
O-O 15. e4 Qxd4 16. Nce2 Qe5 17. f4 Qxe4 18. Ng3 Na2# 0-1

[Event "Seattle Summer Kickoff (4-6 Open)"]
[Site "Chess.com"]
[Date "2020.06.13"]
[Round "5"]
[White "Joshi, Arnav"]
[Black "Kang, Ayaan"]
[Result "0-1"]
[WhiteElo "1049"]
[BlackElo "1338"]
[PlyCount "102"]
[EventDate "2020.??.??"]
[SourceDate "2020.06.27"]

1. c4 e5 2. g3 Nc6 3. Bg2 Nf6 4. d3 Bc5 5. Nf3 O-O 6. O-O d6 7. a3 Be6 8. b4
Bb6 9. Nc3 Nd4 10. Nxd4 Bxd4 11. Bd2 c6 12. e3 Bb6 13. a4 Qd7 14. a5 Bc7 15. b5
Bh3 16. bxc6 bxc6 17. d4 exd4 18. exd4 Bxg2 19. Kxg2 Qe6 20. c5 dxc5 21. dxc5
Nd5 22. f3 Rfd8 23. Nxd5 Rxd5 24. Re1 Qf6 25. Qe2 h6 26. Ra4 Qb2 27. Rd1 Rxc5
28. Rb4 Qa2 29. Qe7 Rc2 30. Qxc7 Rxd2+ 31. Rxd2 Qxd2+ 32. Kh3 Qxb4 33. Qxc6 Rb8
34. Qc7 Qb7 35. Qc5 Qc8+ 36. Qxc8+ Rxc8 37. Kg4 Rc4+ 38. f4 Ra4 39. Kf3 Rxa5
40. Ke4 Ra2 41. h4 Rb2 42. Kf3 a5 43. Ke3 a4 44. g4 a3 45. g5 hxg5 46. f5 gxh4
47. f6 g5 48. Kf3 a2 49. Kg4 Rg2+ 50. Kh5 h3 51. Kh6 h2 0-1

[Event "Seattle Summer Kickoff (4-6 Open)"]
[Site "Chess.com"]
[Date "2020.06.13"]
[Round "5"]
[White "Joshi, Yash"]
[Black "Zheng, Max"]
[Result "1-0"]
[WhiteElo "1203"]
[BlackElo "1057"]
[PlyCount "59"]
[EventDate "2020.??.??"]
[SourceDate "2020.06.27"]

1. d4 d5 2. Nf3 Nc6 3. Nc3 Nf6 4. Bf4 Bf5 5. Nb5 Nb4 6. Nxc7+ Kd7 7. Nxa8 Nxc2+
8. Kd2 Nxa1 9. Qxa1 Qxa8 10. e3 Ne4+ 11. Ke1 e6 12. Ne5+ Ke8 13. Bd3 Bb4+ 14.
Kf1 Nd2+ 15. Kg1 Bxd3 16. Nxd3 Ba5 17. Qd1 Ne4 18. Qa4+ Ke7 19. Qxa5 Rc8 20. h3
a6 21. Ne5 Rc1+ 22. Kh2 Rc2 23. Qb4+ Kf6 24. Ng4+ Kf5 25. f3 Nf2 26. Nxf2 Rxf2
27. Qe7 Rxg2+ 28. Kxg2 f6 29. Qxg7 h5 30. Qh7# 1-0

[Event "Seattle Summer Kickoff (4-6 Open)"]
[Site "Chess.com"]
[Date "2020.06.13"]
[Round "5"]
[White "Kancherla, Rohan"]
[Black "Johnson, Tobias"]
[Result "1-0"]
[WhiteElo "1251"]
[BlackElo "1104"]
[PlyCount "59"]
[EventDate "2020.??.??"]
[SourceDate "2020.06.27"]

1. e4 e5 2. Nf3 Nc6 3. Bc4 Bc5 4. d3 h6 5. Nc3 Nf6 6. O-O d6 7. h3 O-O 8. Be3
Be6 9. Bd5 Qd7 10. Bxc5 dxc5 11. Bxc6 bxc6 12. Nxe5 Qc8 13. Nxc6 Bxh3 14. Ne7+
Kh8 15. Nxc8 Raxc8 16. gxh3 Rce8 17. Kh1 Re5 18. Rg1 Rh5 19. Qf3 Re8 20. Qg3 g6
21. Rae1 Ree5 22. Qh2 Ne8 23. f4 Rxh3 24. fxe5 Rxh2+ 25. Kxh2 f6 26. exf6 Nxf6
27. Rxg6 Nh5 28. Rxh6+ Kg7 29. Rxh5 Kg6 30. Rf5 1-0

[Event "Seattle Summer Kickoff (4-6 Open)"]
[Site "Chess.com"]
[Date "2020.06.13"]
[Round "5"]
[White "Kang, Danny"]
[Black "Xing, Henry"]
[Result "1/2-1/2"]
[WhiteElo "1191"]
[BlackElo "1267"]
[PlyCount "80"]
[EventDate "2020.??.??"]
[SourceDate "2020.06.27"]

1. e4 c5 2. Nf3 d6 3. Bc4 Nf6 4. d3 Nc6 5. O-O g6 6. Nc3 Bg7 7. h3 O-O 8. Be3
a6 9. Rb1 b5 10. Bd5 Nxd5 11. Nxd5 Be6 12. Nc3 b4 13. Nd5 Bxd5 14. exd5 Nd4 15.
Nxd4 cxd4 16. Bf4 Qa5 17. Re1 Rfe8 18. Qg4 Qxd5 19. Qd7 Bf6 20. a3 bxa3 21.
bxa3 e5 22. Rb7 exf4 23. Rxe8+ Rxe8 24. Qxe8+ Kg7 25. Ra7 Be5 26. Rxa6 Qa2 27.
Ra7 Qd5 28. Qa8 Qe6 29. Qe4 d5 30. Qe2 f3 31. Qxf3 Bf6 32. Kf1 Qb6 33. Rd7 Qb1+
34. Ke2 Qxc2+ 35. Ke1 Qc3+ 36. Kf1 Qc1+ 37. Ke2 Qc2+ 38. Ke1 Qc3+ 39. Kf1 Qc1+
40. Ke2 Qc2+ 1/2-1/2

[Event "Seattle Summer Kickoff (4-6 Open)"]
[Site "Chess.com"]
[Date "2020.06.13"]
[Round "5"]
[White "Kuo, Tristan"]
[Black "Wong, Samuel"]
[Result "1-0"]
[WhiteElo "1191"]
[BlackElo "1110"]
[PlyCount "37"]
[EventDate "2020.??.??"]
[SourceDate "2020.06.27"]

1. d4 d5 2. c4 e6 3. Nf3 c6 4. Nc3 Bd6 5. e3 Ne7 6. Bd3 O-O 7. Qc2 g6 8. e4
dxe4 9. Nxe4 Bb4+ 10. Nfd2 Qxd4 11. a3 Ba5 12. b4 Qxa1 13. bxa5 Qd4 14. Bb2 Qd8
15. Nf6+ Kh8 16. Qc3 Rg8 17. Nh5+ f6 18. Qxf6+ Rg7 19. Qxg7# 1-0

[Event "Seattle Summer Kickoff (4-6 Open)"]
[Site "Chess.com"]
[Date "2020.06.13"]
[Round "5"]
[White "Narayan, Bhargav"]
[Black "Smith, Cooper"]
[Result "1-0"]
[WhiteElo "1104"]
[BlackElo "1170"]
[PlyCount "59"]
[EventDate "2020.??.??"]
[SourceDate "2020.06.27"]

1. e4 c6 2. Nf3 d5 3. e5 Bf5 4. Bd3 Bxd3 5. cxd3 e6 6. O-O Nd7 7. Nc3 Bc5 8. d4
Bb6 9. d3 c5 10. dxc5 Bxc5 11. d4 Bb6 12. Bf4 Ne7 13. Nb5 Kf8 14. Nd6 Rb8 15.
Ng5 Ng6 16. Qh5 Qe7 17. Bg3 Bxd4 18. Ngxf7 Rg8 19. Qxh7 Ngxe5 20. Bxe5 Bxe5 21.
Nxe5 Nxe5 22. f4 Nf7 23. Nxf7 Kxf7 24. f5 Rgc8 25. f6 Qc5+ 26. Kh1 Ke8 27. f7+
Kf8 28. Qg8+ Ke7 29. Qxg7 Rc7 30. f8=Q# 1-0

[Event "Seattle Summer Kickoff (4-6 Open)"]
[Site "Chess.com"]
[Date "2020.06.13"]
[Round "5"]
[White "Sankar, Abhay"]
[Black "Tameling, Cole"]
[Result "1-0"]
[WhiteElo "1578"]
[BlackElo "1217"]
[PlyCount "25"]
[EventDate "2020.??.??"]
[SourceDate "2020.06.27"]

1. d4 d5 2. c4 Nf6 3. cxd5 Nxd5 4. e4 Nf6 5. Nc3 Nc6 6. Nf3 Bg4 7. d5 Nb4 8.
Qa4+ Qd7 9. Qxb4 e5 10. Qxb7 Qd8 11. Nxe5 Bd6 12. Nc6 Qb8 13. Nxb8 1-0

[Event "Seattle Summer Kickoff (4-6 Open)"]
[Site "Chess.com"]
[Date "2020.06.13"]
[Round "5"]
[White "Yuen, Owen"]
[Black "Zhen, Hongren"]
[Result "1-0"]
[WhiteElo "1245"]
[BlackElo "1009"]
[PlyCount "110"]
[EventDate "2020.??.??"]
[SourceDate "2020.06.27"]

1. d4 d5 2. c4 dxc4 3. Bf4 Nc6 4. Nc3 Qxd4 5. e3 Qxd1+ 6. Rxd1 Nf6 7. Bxc4 Bg4
8. f3 Bf5 9. e4 Bg6 10. Bxc7 e5 11. Bb5 Bb4 12. Nge2 Nd7 13. O-O Rc8 14. Bd6 a6
15. Bxc6 Bxd6 16. Bxb7 Rb8 17. Bxa6 Bb4 18. Ra1 Bxc3 19. bxc3 O-O 20. Rfc1 Nc5
21. Bc4 Rfd8 22. Bd5 Rb2 23. Ng3 Nd3 24. Rcb1 Rxb1+ 25. Rxb1 Nc5 26. c4 Ra8 27.
Bxa8 f6 28. Bd5+ Kf8 29. Ra1 Bf7 30. a4 Bxd5 31. cxd5 Ke7 32. a5 Nd7 33. a6 Nb6
34. a7 Kd6 35. Rb1 Na8 36. Rb8 Nc7 37. a8=Q Nxa8 38. Rxa8 Kd7 39. Ra7+ Kd6 40.
Ra5 g6 41. Kf2 h6 42. Ke3 g5 43. Nf5+ Kd7 44. Ra6 h5 45. Rxf6 h4 46. Kd3 Kc7
47. Kc4 Kd7 48. Kc5 Kc7 49. Rf7+ Kd8 50. Kd6 Kc8 51. h3 g4 52. hxg4 h3 53. gxh3
Kb8 54. Kc6 Ka8 55. Kb6 Kb8 1-0

[Event "Seattle Summer Kickoff (7-12 Open)"]
[Site "Chess.com"]
[Date "2020.06.13"]
[Round "1"]
[White "Hurd, Jordan"]
[Black "Leong, Albert"]
[Result "0-1"]
[WhiteElo "432"]
[BlackElo "1436"]
[PlyCount "40"]
[EventDate "2020.??.??"]
[SourceDate "2020.06.27"]

1. e4 e5 2. Nf3 Nc6 3. Bd3 Nf6 4. Bc4 Bc5 5. O-O O-O 6. Nc3 d6 7. b3 Bg4 8. d3
Nd4 9. Nxd4 Bxd1 10. Rxd1 Bxd4 11. Rb1 Bxc3 12. Re1 Bxe1 13. Bg5 Bxf2+ 14. Kxf2
Ng4+ 15. Kg3 Qxg5 16. Bb5 Ne3+ 17. Kf2 Qf4+ 18. Ke2 Nxg2 19. Rg1 Qe3+ 20. Kf1
Qf3# 0-1